000
00287nam a22001337a 4500
008
181106b xxu||||| |||| 00| 0 eng d
020
_a
9780838828281
041
_a
eng
080
_a
371
100
_a
46
101
_a
EDU
245
_a
Wordly Wise 3000
_c
Hodkinson,K
942
_2
udc
_c
BK
999
_c
52020
_d
52020